Library Banner

باغ و بہار (Record no. 80640)

MARC details
000 -LEADER
fixed length control field 00420nam a22001577a 4500
005 - DATE AND TIME OF LATEST TRANSACTION
control field 20151207122821.0
008 - FIXED-LENGTH DATA ELEMENTS--GENERAL INFORMATION
fixed length control field 151207b xxu||||| |||| 00| 0 eng d
020 ## - INTERNATIONAL STANDARD BOOK NUMBER
International Standard Book Number 969534092X
040 ## - CATALOGING SOURCE
Transcribing agency PK-LaUMT
082 ## - DEWEY DECIMAL CLASSIFICATION NUMBER
Classification number MSC 491.43903
Item number MIR-B
100 ## - MAIN ENTRY--PERSONAL NAME
Personal name میر امن دہلوی
245 ## - TITLE STATEMENT
Title باغ و بہار
Statement of responsibility, etc میر امن دہلوی
260 ## - PUBLICATION, DISTRIBUTION, ETC. (IMPRINT)
Place of publication, distribution, etc لاہور
Name of publisher, distributor, etc بیکن بکس
Date of publication, distribution, etc 2006
300 ## - PHYSICAL DESCRIPTION
Extent 616 ص
942 ## - ADDED ENTRY ELEMENTS (KOHA)
Koha item type Books
Holdings
Withdrawn status Lost status Damaged status Home library Current library Date acquired Full call number Barcode Date last seen Price effective from Koha item type
      UMT Main Campus UMT Main Campus 2015-12-07 MSC 491.43903 MIR-B 95206 2015-12-07 2015-12-07 Books